000 00847nas a2200265 4500
001 BR8905411
003 BR-BrBNA
005 20231205091746.0
007 ta
008 230509b bl.|||p| |||| 00| 00por d
040 _aBR-BrBNA
_bpor
_cBiblioteca Nacional de Agricultura
041 _a(Pt)
072 _aP33
100 1 _aStammel, J.G.
100 1 _aMeurer, E.J.
100 1 _aCalliari, R.A.
245 1 _aEfeito residual do calcario em um latossolo bruno humico distrofico apos dezesseis anos de aplicacao
650 _aCALCARIO
650 _aEFEITO RESIDUAL
650 _aRESIDUO QUIMICO
650 _aSOLO
773 0 _tAnuario Tecnico do Instituto de Pesquisas Zootecnicas Francisco Osorio (Brazil)
_xISSN 0100-2546
_g(Dec 1986), v. 13 p. 197-207
_wBR8905411
909 _a202311
_bLúcia
_c55
_dLúcia Elande
942 _2AGRIS
_n0
_cANA
999 _c127156
_d127156